| 000 | 00426nam a2200193Ia 4500 | ||
|---|---|---|---|
| 005 | 20240823062103.0 | ||
| 008 | 240823s9999||||xx |||||||||||||| ||und|| | ||
| 020 | _a81-7224-031-7 | ||
| 041 | _aENGLISH | ||
| 082 | _A330 P4 | ||
| 100 | _aRavi Narula | ||
| 245 | 0 | _aBrain Teasers | |
| 250 | _a1st | ||
| 260 |
_c2004 _bJaico Publishing |
||
| 500 | _aYES | ||
| 650 |
_aGeneral _bGeneral |
||
| 942 | _cBK | ||
| 999 |
_c235060 _d235060 |
||